Geography Multi-select #32 - Statistics

General Stats
  • This quiz has been taken 18 times
  • The average score is 66 of 90
Answer Stats
Question Tile Select % Correct
sovereign states with a coastline on the East Siberian Sea. Russia Yes
100%
current National Historic Landmarks located in California. Alcatraz Island Yes
94%
sovereign states with a coastline on the Argentine Sea. Argentina Yes
94%
sovereign states with at least one national capital (of any type) that begins with “V.” Austria Yes
94%
U.S. states that border Idaho. California No
94%
sovereign states with a coastline on the East Siberian Sea. Canada No
94%
sovereign states with at least one national capital (of any type) that begins with “V.” Colombia No
94%
five of the smallest economies in Asia (GDP (nominal), 2024). East Timor Yes
94%
current National Historic Landmarks located in California. El Tovar No
94%
sovereign states with a coastline on the East Siberian Sea. Finland No
94%
sovereign states with a coastline on the Argentine Sea. France No
94%
sovereign states with a coastline on the Argentine Sea. Guyana No
94%
sovereign states with at least one national capital (of any type) that begins with “V.” Lithuania Yes
94%
sovereign states with at least one national capital (of any type) that begins with “V.” Mali No
94%
sovereign states with a coastline on the East Siberian Sea. Norway No
94%
five Bosnian/Herzegovinian cities with the most populous administrative areas (greater than 106,000, 2013). Sarajevo Yes
94%
sovereign states with at least one national capital (of any type) that begins with “V.” Sierra Leone No
94%
sovereign states with at least one national capital (of any type) that begins with “V.” South Sudan No
94%
sovereign states with a coastline on the Argentine Sea. Suriname No
94%
sovereign states with at least one national capital (of any type) that begins with “V.” Yemen No
94%
national capitals of a sovereign state whose English language JetPunk name begins with “T.” Ankara Yes
88%
U.S. states that border Idaho. Arizona No
88%
sovereign states in which Tamil is a nationwide official language. Bangladesh No
88%
five of the smallest economies in Asia (GDP (nominal), 2024). Bhutan Yes
88%
sovereign states in which Tamil is a nationwide official language. Bhutan No
88%
sovereign states with a coastline on the East Siberian Sea. China No
88%
national capitals of a sovereign state whose English language JetPunk name begins with “T.” Copenhagen No
88%
five of the smallest economies in Asia (GDP (nominal), 2024). Georgia No
88%
national capitals of a sovereign state whose English language JetPunk name begins with “T.” Kabul No
88%
national capitals of a sovereign state whose English language JetPunk name begins with “T.” Minsk No
88%
sovereign states with at least one national capital (of any type) that begins with “V.” Moldova No
88%
U.S. states that border Idaho. Montana Yes
88%
sovereign states in which Tamil is a nationwide official language. Myanmar No
88%
sovereign states in which Tamil is a nationwide official language. Nepal No
88%
national capitals of a sovereign state whose English language JetPunk name begins with “T.” Ottawa No
88%
sovereign states in which Tamil is a nationwide official language. Pakistan No
88%
sovereign states with a coastline on the Argentine Sea. Paraguay No
88%
current National Historic Landmarks located in California. San Francisco Cable Cars Yes
88%
sovereign states in which Tamil is a nationwide official language. Sri Lanka Yes
88%
sovereign states in which Tamil is a nationwide official language. Thailand No
88%
national capitals of a sovereign state whose English language JetPunk name begins with “T.” Tunis Yes
88%
U.S. states that border Idaho. Wyoming Yes
88%
national capitals of a sovereign state whose English language JetPunk name begins with “T.” Ashgabat Yes
82%
Connecticut municipalities with a population greater than 100,000 (2020). Bridgeport Yes
82%
U.S. states that border Idaho. Colorado No
82%
Connecticut municipalities with a population greater than 100,000 (2020). Danbury No
82%
Connecticut municipalities with a population greater than 100,000 (2020). Hartford Yes
82%
sovereign states with at least one national capital (of any type) that begins with “V.” Laos Yes
82%
Connecticut municipalities with a population greater than 100,000 (2020). New Haven Yes
82%
national capitals of a sovereign state whose English language JetPunk name begins with “T.” Port of Spain Yes
82%
sovereign states with a coastline on the East Siberian Sea. United States No
82%
five Bosnian/Herzegovinian cities with the most populous administrative areas (greater than 106,000, 2013). Brčko No
76%
Connecticut municipalities with a population greater than 100,000 (2020). New Britain No
76%
U.S. states that border Idaho. Oregon Yes
76%
five Bosnian/Herzegovinian cities with the most populous administrative areas (greater than 106,000, 2013). Prijedor No
76%
sovereign states with a coastline on the East Siberian Sea. South Korea No
76%
five Bosnian/Herzegovinian cities with the most populous administrative areas (greater than 106,000, 2013). Banja Luka Yes
71%
sovereign states with a coastline on the Argentine Sea. Brazil No
71%
national capitals of a sovereign state whose English language JetPunk name begins with “T.” Funafuti Yes
71%
five of the smallest economies in Asia (GDP (nominal), 2024). Maldives Yes
71%
current National Historic Landmarks located in California. USS California No
71%
U.S. states that border Idaho. Utah Yes
71%
U.S. states that border Idaho. Washington Yes
71%
five Bosnian/Herzegovinian cities with the most populous administrative areas (greater than 106,000, 2013). Doboj No
65%
sovereign states with a coastline on the East Siberian Sea. Japan No
65%
sovereign states with a coastline on the East Siberian Sea. North Korea No
65%
Connecticut municipalities with a population greater than 100,000 (2020). Norwalk No
65%
sovereign states with a coastline on the Argentine Sea. Uruguay Yes
65%
five Bosnian/Herzegovinian cities with the most populous administrative areas (greater than 106,000, 2013). Zenica Yes
65%
five of the smallest economies in Asia (GDP (nominal), 2024). Nepal No
59%
sovereign states in which Tamil is a nationwide official language. Singapore Yes
59%
U.S. states that border Idaho. Nevada Yes
53%
sovereign states with a coastline on the Argentine Sea. United Kingdom Yes
53%
Connecticut municipalities with a population greater than 100,000 (2020). West Hartford No
53%
five of the smallest economies in Asia (GDP (nominal), 2024). Brunei No
47%
Connecticut municipalities with a population greater than 100,000 (2020). Stamford Yes
47%
sovereign states with a coastline on the Argentine Sea. Chile No
41%
sovereign states in which Tamil is a nationwide official language. India No
41%
five of the smallest economies in Asia (GDP (nominal), 2024). Tajikistan Yes
41%
five of the smallest economies in Asia (GDP (nominal), 2024). Yemen No
41%
five Bosnian/Herzegovinian cities with the most populous administrative areas (greater than 106,000, 2013). Tuzla Yes
35%
five of the smallest economies in Asia (GDP (nominal), 2024). Afghanistan Yes
29%
five Bosnian/Herzegovinian cities with the most populous administrative areas (greater than 106,000, 2013). Mostar No
29%
current National Historic Landmarks located in California. Balboa Park Yes
24%
five Bosnian/Herzegovinian cities with the most populous administrative areas (greater than 106,000, 2013). Bijeljina Yes
24%
current National Historic Landmarks located in California. San Bernardino Ranch No
24%
current National Historic Landmarks located in California. Manzanar War Relocation Center Yes
6%
current National Historic Landmarks located in California. Upton Sinclair House Yes
6%
Connecticut municipalities with a population greater than 100,000 (2020). Waterbury Yes
6%
current National Historic Landmarks located in California. Golden Gate Bridge No
0%
No matching quizzes found
Score Distribution
Percent of People with Each Score
Percentile by Number Answered
Your Score History
You have not taken this quiz